000 00484nam a2200169Ia 4500
003 GCL
008 140319s9999 xx 000 0 ara d
040 _aGCL /
_cGCL
082 0 4 _a813.03
_bى ل
100 1 _aيوسف عزالدين
245 1 0 _aلا تلوموا الخريف :
_bرواية /
_cيوسف عزالدين
300 _a285 ص ؛
_c24 سم
490 _a100 قصة
_v0
650 0 4 _aالادب العربى
650 0 4 _aالقصص العربية
942 _2ddc
_cBK
999 _c44991
_d44991